| 000 | 00708nam a22002057a 4500 | ||
|---|---|---|---|
| 003 | 1 | ||
| 005 | 20220302132539.0 | ||
| 008 | 220302b xxu||||| |||| 00| 0 eng d | ||
| 022 | _2978-1-4166-2949-8 | ||
| 050 |
_aLB1072 _b.S68 2020 |
||
| 100 |
_aSprenger, Merilee. _d1949. |
||
| 245 |
_aSocial-emotional learning and the brain strategies to help your students thrive/ _cMerilee Sprenger |
||
| 260 |
_aAlexandria, Virginia, USA. _bASCD _cc2020. |
||
| 300 |
_a278 pp. _c23 cm. _eIncludes bibliographical references and index. |
||
| 500 | _aAffective education. | ||
| 500 | _aCognitive neuroscience. | ||
| 500 | _aStudent-teacher relationships-Psychological aspects. | ||
| 500 | _aBrain. | ||
| 942 |
_2lcc _cBK |
||
| 999 |
_c364700 _d364700 |
||